[Event "GER-ch Net blitz qual4"]
[Site "Playchess.com INT"]
[Date "2021.05.10"]
[Round "2"]
[White "Horn, Sven"]
[Black "Klemens, Peter"]
[Result "1-0"]
[WhiteElo "1947"]
[BlackElo "1593"]
[PlyCount "79"]
[EventDate "2021.05.10"]
[EventType "swiss (blitz)"]
[EventRounds "11"]
[EventCountry "GER"]
[SourceTitle "CBM 202 Extra"]
[Source "ChessBase"]
[SourceDate "2021.07.31"]
[SourceVersion "1"]
[SourceVersionDate "2021.07.31"]
[SourceQuality "1"]

1. e4 c6 2. d4 d5 3. Nc3 dxe4 4. Nxe4 Bf5 5. Ng3 Bg6 6. Nf3 Nd7 7. h4 h6 8. Bd3 Bxd3 9. Qxd3 Ngf6 10. c3 e6 11. Bf4 Be7 12. 0-0-0 Nd5 13. Bd2 Bf6 14. Ne4 Qe7 15. Kb1 0-0-0 16. Rhe1 Qf8 17. Nxf6 N7xf6 18. Ne5 Nd7 19. Qc4 Nxe5 20. Rxe5 Qd6 21. Qa4 Kb8 22. Rde1 Nb6 23. Qb3 Qd7 24. g3 Rhe8 25. f4 Nd5 26. g4 f6 27. R5e2 e5 28. fxe5 fxe5 29. Rxe5 Rxe5 30. dxe5 Qxg4 31. e6 Re8 32. c4 Nb6 33. e7 Nxc4 34. Bc3 Qxh4 35. Qb4 b5 36. Qc5 Kb7 37. a4 a6 38. axb5 axb5 39. b3 Nb6 40. Qd6 1-0

[Event "GER-ch Net blitz qual4"]
[Site "Playchess.com INT"]
[Date "2021.05.10"]
[Round "5"]
[White "Horn, Sven"]
[Black "Loew, Gerald"]
[Result "0-1"]
[WhiteElo "1947"]
[BlackElo "2078"]
[PlyCount "94"]
[EventDate "2021.05.10"]
[EventType "swiss (blitz)"]
[EventRounds "11"]
[EventCountry "GER"]
[SourceTitle "CBM 202 Extra"]
[Source "ChessBase"]
[SourceDate "2021.07.31"]
[SourceVersion "1"]
[SourceVersionDate "2021.07.31"]
[SourceQuality "1"]

1. e4 Nf6 2. e5 Nd5 3. d4 Nb6 4. Nf3 d5 5. Be2 Bg4 6. 0-0 e6 7. h3 Bxf3 8. Bxf3 c5 9. dxc5 Bxc5 10. c3 Nc6 11. Re1 0-0 12. Nd2 Qh4 13. Qe2 Nxe5 14. Qxe5 Bxf2+ 15. Kf1 Bxe1 16. Qxe1 Qxe1+ 17. Kxe1 e5 18. Nb3 f5 19. Be3 e4 20. Be2 Nc4 21. Bxc4 dxc4 22. Nd4 Rae8 23. Rd1 f4 24. Bf2 e3 25. Bg1 g5 26. Ke2 Kg7 27. Nf3 Kg6 28. Rd6+ Rf6 29. Rd5 h6 30. Ne5+ Kh5 31. Nxc4 Kh4 32. Bh2 h5 33. Nd6 Ref8 34. Ne4 Rf5 35. Rxf5 Rxf5 36. Nd6 Rd5 37. Ne4 Rb5 38. b3 Ra5 39. a4 Rd5 40. b4 b6 41. c4 Rd4 42. c5 Rxe4 43. cxb6 axb6 44. Bg1 Rxb4 45. g3+ Kxh3 46. gxf4 gxf4 47. Kf3 Rxa4 0-1

[Event "GER-ch Net blitz qual4"]
[Site "Playchess.com INT"]
[Date "2021.05.10"]
[Round "3"]
[White "Wessendorf, Thomas"]
[Black "Horn, Sven"]
[Result "1-0"]
[WhiteElo "2089"]
[BlackElo "1947"]
[PlyCount "49"]
[EventDate "2021.05.10"]
[EventType "swiss (blitz)"]
[EventRounds "11"]
[EventCountry "GER"]
[SourceTitle "CBM 202 Extra"]
[Source "ChessBase"]
[SourceDate "2021.07.31"]
[SourceVersion "1"]
[SourceVersionDate "2021.07.31"]
[SourceQuality "1"]

1. e4 e5 2. Nf3 Nf6 3. Nxe5 d6 4. Nf3 Nxe4 5. d4 d5 6. Bd3 Nc6 7. 0-0 Be7 8. Re1 Bg4 9. c4 Bxf3 10. Qxf3 Nxd4 11. Qe3 Nf5 12. Qh3 Nfd6 13. cxd5 Nc5 14. Bg5 f6 15. Bg6+ Kf8 16. Bf4 h6 17. Nc3 Qd7 18. Qh5 Rd8 19. b4 Na6 20. Re6 Ne8 21. Rae1 Nd6 22. Rxe7 Qxe7 23. Rxe7 Kxe7 24. Qe2+ Kf8 25. Qe6 1-0

[Event "GER-ch Net blitz qual1"]
[Site "Playchess.com INT"]
[Date "2021.04.24"]
[Round "9"]
[White "Horn, Sven"]
[Black "Dittrich, Gunnar"]
[Result "1-0"]
[WhiteElo "1895"]
[BlackElo "1620"]
[PlyCount "79"]
[EventDate "2021.04.24"]
[EventType "swiss (blitz)"]
[EventRounds "11"]
[EventCountry "GER"]
[SourceTitle "CBM 202 Extra"]
[Source "ChessBase"]
[SourceDate "2021.07.31"]
[SourceVersion "1"]
[SourceVersionDate "2021.07.31"]
[SourceQuality "1"]

1. e4 d5 2. exd5 Qxd5 3. Nc3 Qa5 4. d4 Nf6 5. Bd2 c6 6. Bc4 Qc7 7. Nf3 Bf5 8. Ne5 Nbd7 9. Nxf7 Rg8 10. Ng5 e6 11. 0-0 0-0-0 12. Bxe6 Bxe6 13. Nxe6 Qd6 14. Nxd8 Kxd8 15. Be3 g5 16. Qf3 h5 17. Ne4 Nxe4 18. Qxe4 Nf6 19. Qe5 Ng4 20. Qxd6+ Bxd6 21. h3 Bh2+ 22. Kh1 Nxe3 23. fxe3 Bg3 24. Rf3 h4 25. Raf1 Re8 26. Kg1 Kc7 27. c4 Kb6 28. b4 a5 29. a3 axb4 30. Rb1 Ka6 31. axb4 b5 32. Ra1+ Kb7 33. c5 Re7 34. Kf1 Bb8 35. Ke2 Bf4 36. Kd3 Bh2 37. Raf1 Kc7 38. Rf7 Kd7 39. Rxe7+ Kxe7 40. Rf5 1-0

[Event "GER-ch Net blitz qual1"]
[Site "Playchess.com INT"]
[Date "2021.04.24"]
[Round "4"]
[White "Horn, Sven"]
[Black "Plaettner, Stefan"]
[Result "1-0"]
[WhiteElo "1895"]
[BlackElo "1620"]
[PlyCount "69"]
[EventDate "2021.04.24"]
[EventType "swiss (blitz)"]
[EventRounds "11"]
[EventCountry "GER"]
[SourceTitle "CBM 202 Extra"]
[Source "ChessBase"]
[SourceDate "2021.07.31"]
[SourceVersion "1"]
[SourceVersionDate "2021.07.31"]
[SourceQuality "1"]

1. e4 d6 2. d4 Nf6 3. Nc3 c6 4. Nf3 Bg4 5. h3 Bh5 6. Be2 e6 7. 0-0 Bxf3 8. Bxf3 d5 9. e5 Nfd7 10. Re1 c5 11. dxc5 Bxc5 12. Be3 a6 13. Bxc5 Nxc5 14. Qd4 Qc7 15. Bxd5 exd5 16. Nxd5 Qc6 17. e6 Nxe6 18. Qe5 0-0 19. Ne7+ Kh8 20. Nxc6 Nxc6 21. Qg3 Rad8 22. c3 Rd5 23. Rad1 Rg5 24. Qf3 Ne7 25. Rd7 Rf5 26. Qg4 h5 27. Qb4 Nc6 28. Qd6 Kg8 29. Rxb7 Na5 30. Rb8 Rxb8 31. Qxb8+ Kh7 32. Qb6 Nc4 33. Qxa6 Nxb2 34. Qe2 Na4 35. Qe4 1-0

[Event "GER-ch Net blitz qual1"]
[Site "Playchess.com INT"]
[Date "2021.04.24"]
[Round "6"]
[White "Horn, Sven"]
[Black "Zhou, Lepu Coco"]
[Result "1-0"]
[WhiteElo "1895"]
[BlackElo "1620"]
[PlyCount "97"]
[EventDate "2021.04.24"]
[EventType "swiss (blitz)"]
[EventRounds "11"]
[EventCountry "GER"]
[SourceTitle "CBM 202 Extra"]
[Source "ChessBase"]
[SourceDate "2021.07.31"]
[SourceVersion "1"]
[SourceVersionDate "2021.07.31"]
[SourceQuality "1"]

1. e4 e5 2. Nf3 Nc6 3. Bb5 a6 4. Ba4 Nf6 5. 0-0 Be7 6. Re1 b5 7. Bb3 0-0 8. c3 d5 9. exd5 Nxd5 10. Nxe5 Nxe5 11. Rxe5 c6 12. d3 Bd6 13. Re1 Bf5 14. Qf3 Re8 15. Bd2 Rxe1+ 16. Bxe1 Qe7 17. Nd2 Nf4 18. Ne4 Nxd3 19. Qxf5 Re8 20. Qxf7+ Kh8 21. Qxe7 Bxe7 22. f3 Bd8 23. Rd1 Bb6+ 24. Kf1 Nxb2 25. Nd6 Rf8 26. Nf7+ Kg8 27. Ne5+ Kh8 28. Nxc6 Nxd1 29. Bxd1 Rc8 30. Ne7 Re8 31. Nd5 Bd8 32. Bb3 h6 33. Nf4 Bg5 34. Ne6 Bf6 35. f4 a5 36. f5 a4 37. Bd5 Rc8 38. Nd4 b4 39. Be6 Rc7 40. Nb5 Rc5 41. c4 Re5 42. Bxb4 Re3 43. a3 Bh4 44. g3 Bf6 45. c5 Rb3 46. c6 Rb1+ 47. Ke2 Rb2+ 48. Kd3 Rxh2 49. c7 1-0

[Event "GER-ch Net blitz qual1"]
[Site "Playchess.com INT"]
[Date "2021.04.24"]
[Round "8"]
[White "Schmidt, Markus"]
[Black "Horn, Sven"]
[Result "1/2-1/2"]
[WhiteElo "1620"]
[BlackElo "1895"]
[PlyCount "183"]
[EventDate "2021.04.24"]
[EventType "swiss (blitz)"]
[EventRounds "11"]
[EventCountry "GER"]
[SourceTitle "CBM 202 Extra"]
[Source "ChessBase"]
[SourceDate "2021.07.31"]
[SourceVersion "1"]
[SourceVersionDate "2021.07.31"]
[SourceQuality "1"]

1. c4 Nf6 2. g3 g6 3. Bg2 Bg7 4. Nf3 0-0 5. 0-0 d6 6. d4 Nc6 7. Nc3 e5 8. d5 Ne7 9. e4 Nd7 10. b4 a5 11. bxa5 Rxa5 12. a4 Nc5 13. Ne1 f5 14. Nd3 b6 15. Nxc5 Rxc5 16. Qb3 Ba6 17. Nb5 c6 18. dxc6 Nxc6 19. Be3 Na5 20. Qa2 Rc6 21. c5+ Kh8 22. cxb6 f4 23. gxf4 exf4 24. Bd4 f3 25. Bxg7+ Kxg7 26. Qb2+ Qf6 27. Qxf6+ Rxf6 28. Bh3 Rxb6 29. Rab1 Nc4 30. Rfd1 Ne5 31. Nc7 Rxb1 32. Rxb1 Bd3 33. Rb7 Kh6 34. Nd5 Rf7 35. Rxf7 Nxf7 36. a5 Nd8 37. Bc8 Bxe4 38. Nc7 Nc6 39. a6 Na7 40. Bb7 Bd3 41. Ne8 d5 42. Nf6 Bc4 43. Nxd5 Kg5 44. Ne3 Bb5 45. Bxf3 Bxa6 46. Kg2 Nb5 47. Nf1 Nd4 48. Ne3 Kf4 49. Ba8 Be2 50. Nd5+ Ke5 51. Ne3 Kf4 52. Nd5+ Kg5 53. Nc3 Bc4 54. Ne4+ Kf4 55. Ng3 Nf5 56. Nxf5 Kxf5 57. Bb7 Be6 58. Kg3 Kg5 59. h4+ Kf6 60. Kf4 h6 61. Be4 g5+ 62. hxg5+ hxg5+ 63. Kg3 Ke5 64. Bf3 Bf5 65. Bh5 Kd4 66. Bg4 Bg6 67. Bd7 Ke5 68. Kg4 Kf6 69. Bc8 Be4 70. Bd7 Bc2 71. Kh5 Bd1+ 72. Kh6 Be2 73. Bh3 Bf3 74. Bd7 Be4 75. Bg4 Bf5 76. Bf3 Be6 77. Kh5 Bf5 78. Bg4 Bg6+ 79. Kh6 Bf7 80. Be2 Bd5 81. Bd3 Be6 82. Be2 Bf5 83. Bf3 g4 84. Be2 Be6 85. Kh5 Bf5 86. Bxg4 Bg6+ 87. Kh4 Be4 88. Kg3 Bg6 89. Kf4 Bd3 90. Bf3 Bf5 91. Be4 Be6 92. f3 1/2-1/2

[Event "GER-ch53 V11 email"]
[Site "GER email"]
[Date "2021.04.21"]
[Round "?"]
[White "Mueller, Achim"]
[Black "Horn, Sven"]
[Result "1/2-1/2"]
[WhiteElo "2102"]
[BlackElo "2140"]
[PlyCount "74"]
[EventDate "2021.04.21"]
[EventType "tourn (corr)"]
[EventRounds "10"]
[EventCountry "GER"]
[SourceTitle "Corr 2024"]
[Source "ChessBase"]
[SourceDate "2023.10.19"]
[SourceVersion "1"]
[SourceVersionDate "2023.10.19"]
[SourceQuality "1"]

1. e4 e5 2. Nf3 Nc6 3. Bb5 Nf6 4. d3 Bc5 5. c3 0-0 6. 0-0 d6 7. Nbd2 Ne7 8. d4 exd4 9. cxd4 Bb6 10. Re1 Bg4 11. h3 Bh5 12. a3 h6 13. Qc2 a5 14. b3 d5 15. e5 Ne8 16. Bd3 c6 17. g4 Bg6 18. Nf1 Nc7 19. Ng3 Ne6 20. Be3 c5 21. dxc5 Bxd3 22. Qxd3 Bxc5 23. Bxc5 Nxc5 24. Qe3 Ne6 25. Rad1 Rc8 26. Nf5 Ng6 27. N3d4 a4 28. b4 Qg5 29. Kf1 Rc7 30. Nb5 Rc2 31. Nc3 Qxe3 32. Rxe3 Nxe5 33. Nxa4 Nc4 34. Rc3 Ra2 35. Ne7+ Kh7 36. Nxd5 Rc8 37. Nc5 b5 1/2-1/2

[Event "Oberliga Nord O 1819"]
[Site "Germany"]
[Date "2019.03.24"]
[Round "8.3"]
[White "Urban, Julian"]
[Black "Horn, Sven"]
[Result "1/2-1/2"]
[WhiteElo "2248"]
[BlackElo "2095"]
[PlyCount "52"]
[EventDate "2018.10.21"]
[EventType "team-tourn"]
[EventRounds "9"]
[EventCountry "GER"]
[SourceTitle "EXT 2020"]
[Source "ChessBase"]
[SourceDate "2019.10.17"]
[SourceVersion "1"]
[SourceVersionDate "2019.10.17"]
[SourceQuality "1"]
[WhiteTeam "Berlin Empor"]
[BlackTeam "Oberschoeneweide"]
[WhiteTeamCountry "GER"]
[BlackTeamCountry "GER"]

1. Nf3 Nf6 2. g3 d5 3. Bg2 c5 4. 0-0 Nc6 5. d3 e5 6. Na3 Bd6 7. e4 d4 8. Nd2 0-0 9. f4 exf4 10. gxf4 Bc7 11. h3 Ne7 12. Nb5 Bb8 13. e5 Nfd5 14. Nc4 Be6 15. Nbd6 b5 16. Nxb5 Nf5 17. Nbd6 Bxd6 18. Nxd6 Nxd6 19. exd6 f5 20. Qf3 Qxd6 21. Bd2 Rab8 22. b3 Rf6 23. Rae1 Nb4 24. Bxb4 cxb4 25. Re5 Rc8 26. Rfe1 h6 1/2-1/2

[Event "GER HS-244 email"]
[Site "GER email"]
[Date "2018.08.25"]
[Round "?"]
[White "Peetoom, Frank"]
[Black "Horn, Sven"]
[Result "1/2-1/2"]
[WhiteElo "1821"]
[BlackElo "2129"]
[PlyCount "126"]
[EventDate "2018.09.01"]
[EventType "tourn (corr)"]
[EventRounds "6"]
[EventCountry "GER"]
[SourceTitle "Corr 2022"]
[Source "ChessBase"]
[SourceDate "2021.10.24"]
[SourceVersion "1"]
[SourceVersionDate "2021.10.24"]
[SourceQuality "1"]

1. d4 Nf6 2. c4 e6 3. Nf3 b6 4. g3 Ba6 5. b3 Bb4+ 6. Bd2 Be7 7. Bg2 d5 8. cxd5 exd5 9. Nc3 0-0 10. 0-0 Bb7 11. Rc1 Nbd7 12. Ne5 Re8 13. Bf4 Nf8 14. Rc2 Ne6 15. Bc1 c5 16. e3 cxd4 17. exd4 Rc8 18. Bb2 a6 19. a3 Bd6 20. b4 Ne4 21. Qd3 f5 22. f4 g6 23. Rd1 Rc7 24. Rcc1 b5 25. Ne2 Ree7 26. Rc5 Bxe5 27. fxe5 N4xc5 28. bxc5 Bc6 29. Bc1 Rb7 30. Nf4 a5 31. Qb3 Nxf4 32. Bxf4 Qd7 33. Bd2 Ra7 34. Qe3 Re8 35. Rb1 Rf8 36. Qe1 Qg7 37. h4 h6 38. Kf2 Kh7 39. Bf3 h5 40. Qe3 Rb8 41. Qb3 Qf8 42. Ra1 Qf7 43. Qe3 Qg7 44. Qf4 Rbb7 45. e6 b4 46. axb4 axb4 47. Rxa7 Rxa7 48. Bxb4 Re7 49. Bd2 Rxe6 50. Kg2 Qd7 51. Qb8 Re8 52. Qf4 Kg8 53. Qg5 Re6 54. Bc1 Bb5 55. Bxh5 Qg7 56. Bf3 Qxd4 57. h5 Qxc5 58. hxg6 d4 59. Qh6 Qc7 60. Kf2 f4 61. Bxf4 Qc2+ 62. Bd2 Qxg6 63. Qf4 Rd6 1/2-1/2

[Event "Oberliga Nord O 1718"]
[Site "Germany"]
[Date "2018.02.25"]
[Round "7.3"]
[White "Hubert, Peter"]
[Black "Horn, Sven"]
[Result "0-1"]
[WhiteElo "2061"]
[BlackElo "2113"]
[PlyCount "112"]
[EventDate "2017.10.08"]
[EventType "team-tourn"]
[EventRounds "9"]
[EventCountry "GER"]
[SourceTitle "EXT 2019"]
[Source "ChessBase"]
[SourceDate "2018.10.10"]
[SourceVersion "1"]
[SourceVersionDate "2018.10.10"]
[SourceQuality "1"]
[WhiteTeam "Stralsund"]
[BlackTeam "Berlin Oberschoeneweide"]
[WhiteTeamCountry "GER"]
[BlackTeamCountry "GER"]

1. e4 e5 2. Nf3 Nf6 3. Nc3 Bb4 4. Bc4 0-0 5. d3 d5 6. exd5 Nxd5 7. Bd2 Nxc3 8. bxc3 Bd6 9. h3 Nd7 10. 0-0 Nb6 11. Bb3 h6 12. Re1 Qf6 13. a4 Bf5 14. a5 Nd7 15. Bd5 c6 16. Be4 Rad8 17. Rb1 Bxe4 18. Rxe4 Nc5 19. Rg4 Rd7 20. Qc1 Kh7 21. Be3 Qe7 22. Rh4 Qf6 23. Rg4 Re8 24. Rbb4 Ne6 25. Rbe4 Nc5 26. Rc4 b6 27. Rh4 e4 28. Ng5+ Kg8 29. Nxe4 Nxe4 30. Rhxe4 Rxe4 31. Rxe4 c5 32. axb6 axb6 33. Qa3 Be5 34. Qa4 Rd8 35. d4 Bd6 36. Rg4 Qe7 37. Qa1 f5 38. Qa2+ Kh7 39. dxc5 fxg4 40. cxd6 Qxd6 41. hxg4 Qd1+ 42. Kh2 Qxg4 43. Bd4 Qh5+ 44. Kg1 Re8 45. Qb1 b5 46. Be3 Qd5 47. Qf1 Rd8 48. Bd4 Qf5 49. Qb1 Re8 50. Be3 Re4 51. Qd1 Rc4 52. Qd2 Ra4 53. Qd3 Ra1+ 54. Kh2 Qxd3 55. cxd3 Rd1 56. d4 Rd3 0-1

[Event "Oberliga Nord O 1718"]
[Site "Germany"]
[Date "2017.10.23"]
[Round "2.3"]
[White "Urban, Julian"]
[Black "Horn, Sven"]
[Result "1/2-1/2"]
[WhiteElo "2249"]
[BlackElo "2113"]
[PlyCount "67"]
[EventDate "2017.10.08"]
[EventType "team-tourn"]
[EventRounds "9"]
[EventCountry "GER"]
[SourceTitle "EXT 2019"]
[Source "ChessBase"]
[SourceDate "2018.10.10"]
[SourceVersion "1"]
[SourceVersionDate "2018.10.10"]
[SourceQuality "1"]
[WhiteTeam "Berlin Empor"]
[BlackTeam "Berlin Oberschoeneweide"]
[WhiteTeamCountry "GER"]
[BlackTeamCountry "GER"]

1. b3 e5 2. Bb2 Nc6 3. e3 Nf6 4. c4 d6 5. d3 Be7 6. Nf3 0-0 7. Nbd2 Bf5 8. Qc2 Nd7 9. a3 a5 10. Be2 Nc5 11. 0-0 Bg6 12. Rad1 Qd7 13. Ne4 Bxe4 14. dxe4 Qe6 15. Nd2 Qg6 16. Bf3 Ne6 17. g3 h5 18. Bg2 h4 19. Nb1 hxg3 20. fxg3 Ncd8 21. Nc3 c6 22. Rf5 Qh6 23. Bc1 g6 24. Rf2 Kg7 25. Na4 Rh8 26. h3 f6 27. Qe2 Qg5 28. Kh2 Nf7 29. c5 Rad8 30. Qc4 dxc5 31. Qxe6 Rxd1 32. Qxe7 Rxc1 33. Nxc5 Rxc5 34. Qxc5 1/2-1/2

[Event "Oberliga Nord O 1617"]
[Site "Germany"]
[Date "2017.05.07"]
[Round "9.3"]
[White "Horn, Sven"]
[Black "Urban, Julian"]
[Result "0-1"]
[WhiteElo "2145"]
[BlackElo "2232"]
[PlyCount "78"]
[EventDate "2016.10.16"]
[EventType "team-tourn"]
[EventRounds "9"]
[EventCountry "GER"]
[SourceTitle "EXT 2018"]
[Source "ChessBase"]
[SourceDate "2017.10.13"]
[SourceVersion "1"]
[SourceVersionDate "2017.10.13"]
[SourceQuality "1"]
[WhiteTeam "Oberschoeneweide"]
[BlackTeam "Berlin Empor"]
[WhiteTeamCountry "GER"]
[BlackTeamCountry "GER"]

1. e4 c5 2. Nf3 e6 3. d4 cxd4 4. Nxd4 Bc5 5. Nb3 Bb6 6. Bd3 Nc6 7. 0-0 Nge7 8. Nc3 0-0 9. Qe2 f5 10. exf5 Nxf5 11. a3 d5 12. Kh1 Qh4 13. Qe1 Rf6 14. f3 Qxe1 15. Rxe1 h6 16. Bd2 Bd7 17. Rad1 Ncd4 18. Nxd4 Nxd4 19. Ne2 Rc8 20. Nxd4 Bxd4 21. c3 Bb6 22. Be3 Bxe3 23. Rxe3 b5 24. Kg1 a5 25. Re5 Kf7 26. Kf2 Ke7 27. Rde1 Kd6 28. R5e3 g5 29. g3 Rcf8 30. R1e2 e5 31. Kg2 g4 32. fxg4 e4 33. Bc2 Bxg4 34. Rd2 Ke5 35. Bb3 Be6 36. Ree2 h5 37. Rd4 h4 38. Rd1 Rf3 39. gxh4 Bh3+ 0-1

[Event "Karlsruhe Grenke op"]
[Site "Karlsruhe"]
[Date "2017.04.13"]
[Round "1"]
[White "Vitiugov, Nikita"]
[Black "Horn, Sven"]
[Result "1-0"]
[WhiteElo "2729"]
[BlackElo "2154"]
[PlyCount "63"]
[EventDate "2017.04.13"]
[EventType "swiss"]
[EventRounds "9"]
[EventCountry "GER"]
[SourceTitle "CBM 177 Extra"]
[Source "ChessBase"]
[SourceDate "2017.04.27"]
[SourceVersion "1"]
[SourceVersionDate "2017.04.27"]
[SourceQuality "1"]

1. c4 Nf6 2. Nc3 c5 3. g3 Nc6 4. Bg2 g6 5. Nf3 Bg7 6. d4 cxd4 7. Nxd4 0-0 8. 0-0 a6 9. c5 Re8 10. Nb3 h6 11. Be3 Ng4 12. Bd2 d6 13. Qc1 dxc5 14. Nxc5 Kh7 15. h3 Nf6 16. Rd1 e5 17. Bg5 Nd4 18. Bxf6 Qxf6 19. N5e4 Qb6 20. e3 f5 21. exd4 fxe4 22. Nd5 Qa7 23. Nc7 Bd7 24. Nxa8 Rxa8 25. Qc7 Bf5 26. g4 Rc8 27. Qe7 exd4 28. gxf5 gxf5 29. Rac1 Rg8 30. Qe6 Rf8 31. Rc7 d3 32. Qe5 1-0

[Event "Oberliga Nord O 1617"]
[Site "Germany"]
[Date "2016.10.16"]
[Round "1.3"]
[White "Figura, Atila Gajo"]
[Black "Horn, Sven"]
[Result "1-0"]
[WhiteElo "2379"]
[BlackElo "2145"]
[PlyCount "131"]
[EventDate "2016.10.16"]
[EventType "team-tourn"]
[EventRounds "9"]
[EventCountry "GER"]
[SourceTitle "EXT 2018"]
[Source "ChessBase"]
[SourceDate "2017.10.13"]
[SourceVersion "1"]
[SourceVersionDate "2017.10.13"]
[SourceQuality "1"]
[WhiteTeam "Kreuzberg"]
[BlackTeam "Oberschoeneweide"]
[WhiteTeamCountry "GER"]
[BlackTeamCountry "GER"]

1. d4 d5 2. Nf3 Nf6 3. c4 c6 4. Nbd2 e6 5. g3 Nbd7 6. Bg2 b6 7. 0-0 Bd6 8. Re1 0-0 9. e4 dxe4 10. Nxe4 Nxe4 11. Rxe4 Bb7 12. Qc2 Be7 13. h4 Nf6 14. Re2 c5 15. dxc5 Bxc5 16. Bd2 Qe7 17. Bc3 h6 18. Rb1 a5 19. Ne5 Bxg2 20. Kxg2 Rfd8 21. Rd1 Rxd1 22. Qxd1 Rd8 23. Qa4 Rc8 24. f3 Qc7 25. Qd1 Rd8 26. Rd2 Rxd2+ 27. Qxd2 Bd6 28. Qe2 Ne8 29. g4 f6 30. Ng6 Kf7 31. Qe4 Qd7 32. b3 Bc7 33. h5 Qd1 34. Qd4 Qe2+ 35. Qf2 Qd3 36. Qd2 Qd6 37. Qxd6 Nxd6 38. Kf2 a4 39. Ke3 axb3 40. axb3 e5 41. Bb4 Ke6 42. Nh4 f5 43. Bxd6 f4+ 44. Kd3 Bxd6 45. Nf5 Bf8 46. Ke4 Kf6 47. Kd5 Bc5 48. Nh4 Bb4 49. Ng6 Bc3 50. b4 Bxb4 51. Nxe5 Kg5 52. Nd7 Ba5 53. Ke4 g6 54. hxg6 Kxg6 55. Kxf4 h5 56. gxh5+ Kxh5 57. Kf5 Kh4 58. f4 Kg3 59. Ke4 Kg4 60. Nf6+ Kg3 61. Nd5 Kg4 62. f5 Kg5 63. Ke5 Kh6 64. Ke6 Kg7 65. Ke7 Bd2 66. f6+ 1-0